| 000 | nam a22 7a 4500 | ||
|---|---|---|---|
| 999 |
_c332441 _d332441 |
||
| 003 | NUST | ||
| 005 | 20171206095328.0 | ||
| 008 | 171206b xxu||||| |||| 00| 0 eng d | ||
| 020 | _a9694091136 | ||
| 040 | _c0 | ||
| 082 | _a631.91 PAR | ||
| 245 | _aPotassium Research and Development in Pakistan | ||
| 260 |
_aIslamabad _bPPIC _c1995 |
||
| 300 | _a157p. | ||
| 500 | _aP.B | ||
| 942 |
_2ddc _cBK _kIESE |
||